000 00472nam a2200157 i 4500
001 23906
003 ES-MaACL
005 20230906152944.0
007 t|
008 021213s1972 sp ||||1| spa d
100 1 _aAnorbin, Antón de.
_921815
245 1 0 _aMensaje
_b: semblaza y actualidad del siervo de Dios P. Juan Vicente /
_cAntón de Anorbin.
260 _aVitoria :
_bLa Obra Máxima,
_c1972.
300 _a90 p. ;
_c17 cm.
852 _aES-MaACL
_jC-44449
_bR.81302
999 _c23906
_d23906